00698cam a22002537a 4500003000500000005001700005008004100022010001000063011001000073035001000083040000900093082002000102100002700122245008100149250001000230260003100240300001900271490003200290650002900322650001700351650001700368700002700385830003200412CHAP20220329142753.0030819s197? es a r 00110 spa d a87559 a88531 a99076 cCHAP a636.9bF47 197000aFerrer Palaus, José.13aEl arte de criar conejos y otros animales de peloc/por J. Ferrer y J. Valle a4 ed. aBarcelona :bAedos,c197-? a303 p.b: ilus 0aBiblioteca agrícola Aedos14aAnimales de peletería.14aChinchillas.14aCunicultura.0 aValle Arribas, José.0 aBiblioteca agrícola Aedos